000 00546nam a22001937a 4500
005 20250529170850.0
008 250412b |||||||| |||| 00| 0 eng d
020 _a9789358522051
040 _cSDCL
041 _2eng
_aeng
084 _aV231:(Y)'M R4
100 _aRamanna, Mridula
245 _aBombay presidency, 1850-1920 :
_bDisease, sanitation and public health personalities
260 _aDelhi :
_bPrimus Books,
_c2024.
300 _axii,343p.
650 _aPublic health
650 _a19th century
_9811102
942 _2CC
_cTEXL
999 _c1308918
_d1308918